01469nam a22003737a 4500003000500000005001700005008004100022010001000063011001000073035001000083040000900093090001000102100003800112245007400150260004000224300002000264502006600284590003700350590004100387590004100428590004100469590004100510590004200551650004400593650003900637650004100676901000700717942000900724949004300733949004800776999001700824952012600841952012800967CHAP20220329140139.0971013s1986 r 00010 d a47655 a48627 a52773 cCHAP aTesis00aPérez Márquez, Adolfo.989851 aMejoramiento genético de un hato lechero en Mexicali, B.C. México aChapingo, Méx. :bEl autor,c1986 a101 h.b: ilus. aTesis (M.C. Esp. en Ganadería) -- CP. Centro de Ganadería aALEPHb10c20130110lUCH01h1318 aBATCH-UPDb10c20130109lUCH01h2236 aBATCH-UPDb10c20130110lUCH01h1659 aBATCH-UPDb10c20130410lUCH01h1047 aBATCH-UPDb10c20130914lUCH01h1515 aCONVERSIONb10c20130109lUCH01h132614aGanado lecheroxBaja California.94524414aGanado lecheroxGenética.94526714aGanado lecheroxMejoramiento.945274 aBK cFOLL bBCcTESd-117357eTS1h18754i52773si bBCcTESd-117358eTS2fc.2h18755i52773si c47655d47655 00102local4053708TESISaBCbBCcPA_TESISd2019-12-31fTESISl0p-117358r2019-12-31 00:00:00tc.2w2019-12-31yTESIS 00102local4051708TESISaBCbBCcPA_TESISd2019-12-31fTESISl0oTesisp-117357r2019-12-31 00:00:00w2019-12-31yTESIS